Liedtext - Interpret erkennen ohne einen Hinweis - Statistiken

Allgemein
  • Dieses Quiz wurde 232 mal gespielt
    230 seit der letzten Aktualisierung
  • Das Durchschnittsergebnis liegt bei 109 aus 257
Antwortstatistiken
Antwort % Korrekt
I
98%
a
92%
You
89%
you
89%
the
77%
me
74%
be
71%
when
68%
to
65%
and
63%
And
63%
can
62%
go
62%
is
59%
no
55%
your
54%
in
53%
want
51%
that
49%
dont
48%
know
47%
then
44%
one
42%
not
40%
like
39%
why
38%
cant
36%
Cant
36%
with
36%
say
35%
all
34%
Im
34%
wear
34%
if
33%
how
32%
at
30%
make
30%
But
29%
give
28%
youre
28%
night
26%
2000 Jahr
23%
as
23%
leave
20%
leave,
20%
baby
19%
free
19%
look
18%
wont
18%
Wont
18%
find
17%
stay
17%
around
15%
Ill
15%
off
15%
Cause
14%
everything
14%
sky
14%
bout
12%
sea
12%
well
12%
care
11%
fish
11%
met
11%
turn
11%
else
10%
feelin
10%
Follow
10%
(follow
10%
long
10%
nobody
9%
through
9%
ask
8%
better
8%
swim
8%
alright
7%
alright)
7%
Follow me....
7%
Follow Me Titel
7%
goodbye
7%
singin
7%
Uncle Kracker Interpret
7%
guarantee
5%
knows
5%
money
5%
ring
5%
reason
4%
scared
4%
tuck
4%
veins
4%
aware
3%
guilty
3%
worried
3%
ashamed
2%
astray
1%
Keine übereinstimmenden Quizze gefunden
Verteilung der Resultate
Anzahl Personen mit jedem Resultat
Perzentil nach korrekt beantworteten Fragen
Ihre Resultats-Entwicklung
Sie haben dieses Quiz seit der letzten Aktualisierung nicht gespielt